BIBLIOTHÈQUE DE LA MAISON DU MEXIQUE

Logo 1 Logo 2

Señales (notice nᵒ 3826)

détails MARC
000 -Sello discográfico
campo de control de longitud fija 00718nam a2200253 4500
005 - Identificación de versión
campo de control 20251016083658.0
099 ## - fechas locales
Tipo de ítem Koha LIBRO
100 ## - Datos de procesamiento general
Datos de procesamiento general 20020821d1999 m y1spay5003 ba
105 ## - Campo de datos codificados: Material textual, monográfico
Datos codificados de monografía y 001cy
200 1# - Título y mención de responsabilidad
Título propio Señales
Designación general del material texto impreso
Primer mención de responsabilidad Francisco Delich
205 ## - Declaración de edición
Declaración de edición 1a ed
210 ## - Publicación, distribución, etc.
Lugar de publicación, distribución, etc. Buenos Aires
Nombre del editor, distribuidor, etc. Nueva Comunicación
Fecha de publicación, distribución, etc. 1999
215 ## - Descripción física
Designación de material específico y extensión del ítem 140 p
Dimensiones 17 cm
345 ## - Nota de información de adquisición
Fuente de adquisición/dirección de la suscripción [OBSOLETO] Donación Francisco Delich
606 ## - Término temático usado como materia
Elemento de entrada Ensayos argentinos
Subdivisión cronológica Siglo XX
Número Koha 6151
700 ## - Nombre personal - Responsabilidad primaria
Elemento de entrada Delich
Parte del nombre distinta del elemento de entrada Francisco José
Fechas 1937-2016
Número Koha 7550
801 #0 - Fuente de origen
Agencia cm
900 ## -
-- 1/1802
900 ## -
-- 7100213588\210802
942 ## - ELEMENTOS DE ENTRADA SECUNDARIOS (KOHA)
Tipo de ítem Koha Livre
996 ## -
-- MEX
-- 751145101
-- MMAG
-- 011919
-- A864.4 D353S
-- 20241216LIV
Exemplaires
Estatus retirado Estado de daño Estado de pérdida Fecha de adquisición Biblioteca de origen Biblioteca actual Ubicación en estantería Código de barras Precio de reemplazo Signatura topográfica completa No para préstamo Tipo de ítem Koha Nota pública Nota no pública
      05/08/2025 Casa México Paris Casa México Paris   011919 05/08/2025 A864.4 D353S   Livre 20241216LIV 751145101